书目信息 |
| 题名: |
建筑学教程 2:空间与建筑师
|
|
| 作者: | 赫茨伯格 著 | |
| 分册: | 2 空间与建筑师 | |
| 出版信息: | 天津 天津大学出版社 2003.02 |
|
| 页数: | 0310页 | |
| 开本: | 26cm | |
| 丛书名: | ||
| 单 册: | ||
| 中图分类: | TU-43 | |
| 科图分类: | ||
| 主题词: | 建筑学 | |
| 电子资源: | ||
| ISBN: | 7-5618-1705-3 | |
| 000 | 00654nam0 2200205 45 | |
| 001 | 0072733008 | |
| 005 | 20041105152245.74 | |
| 010 | @a7-5618-1705-3@dCNY 70.00 | |
| 100 | @a20000103d2003 km y0chiy0120 ea | |
| 101 | 0 | @achi |
| 102 | @aCN@b120000 | |
| 200 | 1 | @a建筑学教程 2:空间与建筑师@AJian Zhu Xue Jiao Cheng 2:Kong Jian Yu Jian Zhu Shi@f(菏)赫茨伯格著@F(He)He Ci Bo Ge Zhu@h2@i空间与建筑师 |
| 210 | @a天津@c天津大学出版社@d2003.02 | |
| 215 | @a0310页@d26cm | |
| 517 | @a空间与建筑师@AKong Jian Yu Jian Zhu Shi | |
| 606 | 0 | @a建筑学 |
| 690 | @aTU-43@v3 | |
| 701 | 0 | @a赫茨伯格@AHe Ci Bo Ge@4著 |
| 801 | 0 | @aCN@bPFT@c20041105 |
| 905 | @dTU-43@eH327:2 | |
| 建筑学教程 2:空间与建筑师/(菏)赫茨伯格著.2.空间与建筑师.-天津:天津大学出版社,2003.02 |
| 0310页;26cm |
| ISBN 7-5618-1705-3:CNY 70.00 |
| ● |
| 相关链接 |
|
|
|
正题名:建筑学教程 2:空间与建筑师
索取号:TU-43/H327:2
 
预约/预借
| 序号 | 登录号 | 条形码 | 馆藏地/架位号 | 状态 | 备注 |
| 1 | 392801 | 203928018 | 建筑库101/101建筑库 11排1列5层/ [索取号:TU-43/H327:2] | 在馆 | |
| 2 | 392802 | 203928027 | 建筑库101/101建筑库 11排1列5层/ [索取号:TU-43/H327:2] | 在馆 | |
| 3 | 392803 | 203928036 | 建筑库101/101建筑库 11排1列5层/ [索取号:TU-43/H327:2] | 在馆 | |
| 4 | 425501 | 204255019 | 建筑库101/101建筑库 11排1列5层/ [索取号:TU-43/H327:2] | 在馆 | |
| 5 | 425502 | 204255028 | 建筑库101/101建筑库 11排1列5层/ [索取号:TU-43/H327:2] | 在馆 |